ਉਕਾਬ ਦੀ ਅਖ / (Record no. 110367)

MARC details
000 -LEADER
fixed length control field 00900nam a22002537a 4500
005 - DATE AND TIME OF LATEST TRANSACTION
control field 20170123164151.0
010 ## - LIBRARY OF CONGRESS CONTROL NUMBER
LC control number B-230691
020 ## - INTERNATIONAL STANDARD BOOK NUMBER
International Standard Book Number 150.00
035 ## - SYSTEM CONTROL NUMBER
System control number B-230691
037 ## - SOURCE OF ACQUISITION
Source of stock number/acquisition Cen Lib / Ret
040 ## - CATALOGING SOURCE
Original cataloging agency DPL
Language of cataloging PN
082 ## - DEWEY DECIMAL CLASSIFICATION NUMBER
Classification number 854
Item number ਕਾਨਾਸਿੰ
100 ## - MAIN ENTRY--PERSONAL NAME
Personal name ਕਾਨਾ ਸਿੰਘ
9 (RLIN) 126385
245 ## - TITLE STATEMENT
Title ਉਕਾਬ ਦੀ ਅਖ /
Statement of responsibility, etc ਕਾਨਾ ਸਿੰਘ
246 ## - VARYING FORM OF TITLE
Title proper/short title Ukaab dee akh /
Remainder of title by Kana Singh
260 ## - PUBLICATION, DISTRIBUTION, ETC. (IMPRINT)
Place of publication, distribution, etc ਚੰਡੀਗੜ੍ਹ
Name of publisher, distributor, etc ਲੋਕਗੀਤ ਪ੍ਰਕਾਸ਼ਨ
Date of publication, distribution, etc 2006
270 ## - ADDRESS
Address SCO 26-27, Sector 34A
City Chandigarh
Postal code 160022
300 ## - PHYSICAL DESCRIPTION
Extent 147p.
Dimensions 23cm(Hb)
650 ## - SUBJECT ADDED ENTRY--TOPICAL TERM
Topical term or geographic name as entry element ਸਾਹਿਤ -- ਪੰਜਾਬੀ
9 (RLIN) 126386
650 ## - SUBJECT ADDED ENTRY--TOPICAL TERM
Topical term or geographic name as entry element ਪੰਜਾਬੀ- ਨਿਬੰਧ
9 (RLIN) 126387
650 ## - SUBJECT ADDED ENTRY--TOPICAL TERM
Topical term or geographic name as entry element Literature -- Punjabi
9 (RLIN) 126388
650 ## - SUBJECT ADDED ENTRY--TOPICAL TERM
Topical term or geographic name as entry element Punjabi - Essays
9 (RLIN) 118968
942 ## - ADDED ENTRY ELEMENTS (KOHA)
Source of classification or shelving scheme Dewey Decimal Classification
Koha item type Punjabi Bks
Classification part 854
Call number suffix ਕਾਨਾਸਿੰ
Holdings
Withdrawn status Lost status Damaged status Not for loan Home library Current library Date acquired Source of acquisition Cost, normal purchase price Total Checkouts Full call number Barcode Date last seen Copy number Cost, replacement price Price effective from Koha item type
        Central Library Central Library 20/01/2016 Cen Lib/Ret 150.00   854 ਕਾਨਾਸਿੰ B-230691 20/01/2016 1 150.00 20/01/2016 Punjabi Bks

© Delhi Public Library
Hit Counter
free hit counter